| 000 | 00368nam a22001457a 4500 | ||
|---|---|---|---|
| 020 | _a9789348132994 | ||
| 082 |
_aM 001.42 _bASH/G |
||
| 245 |
_aGaveshanam muthal gaveshanam vare/ _cby Ashok D'cruz(ed.) |
||
| 260 |
_aKozhikode: _bAtma books, _c2024. |
||
| 300 | _a254p. | ||
| 650 | _aResearch Methodology | ||
| 650 | _aResearch | ||
| 650 | _aKnowledge | ||
| 942 | _cBK | ||
| 999 |
_c182078 _d182078 |
||